[Event "Gibtelecom Masters"]
[Site "Gibraltar"]
[Date "2008.01.24"]
[Round "3.71"]
[White "Bigg, Andrew J"]
[Black "Georgieva, Emilia"]
[Result "1-0"]
[WhiteElo "2231"]
[BlackElo "1985"]
[PlyCount "137"]
[EventDate "2008.01.22"]

1. d4 d5 2. Nf3 c6 3. c4 Nf6 4. Nc3 e6 5. Bg5 Be7 6. e3 h6 7. Bh4 b6 8. cxd5
exd5 9. Ne5 Nfd7 10. Bxe7 Qxe7 11. Nf3 O-O 12. Qa4 a5 13. Rc1 Qb4 14. Qc2 Ba6
15. Bxa6 Rxa6 16. O-O Qd6 17. Qd3 f5 18. g3 Ra8 19. Rc2 Na6 20. a3 b5 21. Rfc1
Nab8 22. Nb1 a4 23. Nbd2 g6 24. Qc3 Re8 25. Ne5 Nxe5 26. dxe5 Rxe5 27. Nf3 Re4
28. Nd4 Qd7 29. f3 Re8 30. Nxc6 Nxc6 31. Qxc6 Qxc6 32. Rxc6 Rxe3 33. Rxg6+ Kh7
34. Rd6 Rae8 35. Rc7+ Kg8 36. Rg6+ Kh8 37. Rxh6+ Kg8 38. Rg6+ Kh8 39. Kg2 Re2+
40. Kh3 Rxb2 41. Rd6 Rb3 42. Rxd5 Rxf3 43. Rxb5 Rxa3 44. Rxf5 Rae3 45. Ra7 R3e4
46. Rf2 Rb8 47. Ra2 Rbb4 48. Rc2 Re8 49. Kg2 Rd8 50. Ra2 Rdd4 51. h4 Rg4 52.
Kh3 Rgd4 53. Rc2 Rd8 54. Rcc7 Re8 55. h5 Rb1 56. Kh4 Rh1+ 57. Kg5 Rhe1 58. Rh7+
Kg8 59. Rhg7+ Kh8 60. Kh6 R1e6+ 61. Rg6 Rxg6+ 62. hxg6 Rb8 63. Rxa4 Kg8 64. g4
Rc8 65. Ra7 Rb8 66. Ra6 Rc8 67. g5 Rb8 68. g7 Rc8 69. Rf6 1-0

[Event "Gibtelecom Masters"]
[Site "Gibraltar"]
[Date "2008.01.24"]
[Round "3.72"]
[White "Lyell, Mark"]
[Black "Petrovic, Marko"]
[Result "1-0"]
[WhiteElo "2221"]
[BlackElo "1983"]
[PlyCount "44"]
[EventDate "2008.01.22"]

1. e4 c6 2. d4 d6 3. Nc3 g6 4. h4 h5 5. Bd3 e5 6. Nge2 Be7 7. Be3 f5 8. dxe5
dxe5 9. exf5 Bxf5 10. Ne4 Nh6 11. Bxh6 Rxh6 12. Qd2 Rh8 13. O-O-O Qb6 14. Nd6+
Bxd6 15. Bxf5 Be7 16. Bxg6+ Kf8 17. Ng3 Na6 18. Qc3 Rh6 19. Qf3+ Kg8 20. Qf7+
Kh8 21. Qxe7 Qxf2 22. Qxe5+ Kg8 1-0

[Event "Gibtelecom Masters"]
[Site "Gibraltar"]
[Date "2008.01.24"]
[Round "3.73"]
[White "Jorgensen, Line Jin"]
[Black "Narayanan, Srinath"]
[Result "0-1"]
[WhiteElo "1867"]
[BlackElo "2210"]
[PlyCount "62"]
[EventDate "2008.01.22"]

1. e4 c5 2. Nc3 a6 3. Nf3 d6 4. Bc4 e6 5. d4 cxd4 6. Nxd4 Nf6 7. O-O Be7 8. Kh1
O-O 9. f4 Nxe4 10. Nxe4 d5 11. Bd3 dxe4 12. Bxe4 Nd7 13. c3 Nf6 14. Bc2 Qc7 15.
Qe2 b5 16. f5 e5 17. Nf3 Re8 18. Ng5 h6 19. Ne4 Bb7 20. Nxf6+ Bxf6 21. Be4 Bxe4
22. Qxe4 Qc4 23. Re1 Red8 24. Qf3 Ra7 25. Be3 Rad7 26. Bb6 Rd3 27. Qb7 R8d7 28.
Qa8+ Kh7 29. b3 Qxc3 30. Rec1 Qd2 31. Be3 Rxe3 0-1

[Event "Gibtelecom Masters"]
[Site "Gibraltar"]
[Date "2008.01.24"]
[Round "3.75"]
[White "Aagedal, Geir Ole"]
[Black "Spence, David J"]
[Result "0-1"]
[WhiteElo "1839"]
[BlackElo "2198"]
[PlyCount "54"]
[EventDate "2008.01.22"]

1. c4 c5 2. Nc3 Nc6 3. g3 g6 4. Bg2 Bg7 5. e4 d6 6. Nge2 e5 7. O-O Be6 8. Nd5
Qd7 9. a3 h5 10. h4 f5 11. d3 Nf6 12. Bg5 Nh7 13. f4 O-O 14. Rb1 Rf7 15. b4 Re8
16. b5 Nd4 17. Nxd4 exd4 18. Qd2 fxe4 19. Bxe4 Bf5 20. Bxf5 Qxf5 21. Kg2 Nxg5
22. fxg5 Qg4 23. Nf4 Re3 24. Kg1 Rxf4 25. Rxf4 Qxg3+ 26. Kh1 Qxf4 27. Qg2 Qxh4+
0-1

[Event "Gibtelecom Masters"]
[Site "Gibraltar"]
[Date "2008.01.24"]
[Round "3.77"]
[White "Lode, Marius"]
[Black "Vasvari, Tamas"]
[Result "0-1"]
[WhiteElo "1822"]
[BlackElo "2174"]
[PlyCount "74"]
[EventDate "2008.01.22"]

1. Nc3 d5 2. e4 d4 3. Nce2 c5 4. d3 Nc6 5. f4 Bg4 6. h3 Bd7 7. Nf3 f6 8. Ng3
Qa5+ 9. Bd2 Qb6 10. Qc1 e5 11. c3 exf4 12. Bxf4 g5 13. Bd2 Bd6 14. Ne2 Nge7 15.
Qc2 Be6 16. h4 g4 17. Nfg1 Ng6 18. h5 Nge5 19. Nf4 Bf7 20. Nd5 Bxd5 21. exd5
Ne7 22. c4 Nf5 23. Ne2 Qxb2 24. Qxb2 Nxd3+ 25. Kd1 Nxb2+ 26. Kc2 Nxc4 27. Bf4
Bxf4 28. Nxf4 Nce3+ 29. Kd2 Nxf1+ 30. Rhxf1 Ne3 31. Rfe1 Kd7 32. Rab1 b6 33.
Rb3 Rhe8 34. g3 Kd6 35. Re2 Nxd5 36. Rf2 Nc3 37. Kd3 b5 0-1

[Event "Gibtelecom Masters"]
[Site "Gibraltar"]
[Date "2008.01.24"]
[Round "3.78"]
[White "Fairbairn, Stephen"]
[Black "Bellon Lopez, Juan Manuel"]
[Result "0-1"]
[WhiteElo "2086"]
[BlackElo "2455"]
[PlyCount "108"]
[EventDate "2008.01.22"]

1. c4 e5 2. g3 Nc6 3. Bg2 Nf6 4. Nc3 Bc5 5. a3 Bd4 6. Qc2 d6 7. e3 Bb6 8. Nge2
O-O 9. O-O Be6 10. b3 Qd7 11. Bb2 Bh3 12. Rad1 Ne7 13. d4 exd4 14. Nxd4 Ng6 15.
Ne4 Nxe4 16. Qxe4 Bxg2 17. Qxg2 Rab8 18. Qf3 Ne5 19. Qf5 Bxd4 20. Qxd7 Nxd7 21.
Rxd4 b5 22. cxb5 Rxb5 23. b4 a5 24. Rc1 Rb7 25. Rg4 f6 26. Rc6 Rf7 27. Bc3 f5
28. Rh4 Nb8 29. Rcc4 Na6 30. Rc6 Nb8 31. Rcc4 h6 32. Kg2 axb4 33. axb4 Nd7 34.
Rc6 Kh7 35. Rd4 Nb6 36. b5 Nc8 37. Ba5 Na7 38. Rxc7 Rfxc7 39. Bxc7 Nxb5 40.
Bxd6 Nxd4 41. exd4 g5 42. h3 Kg6 43. Be5 Ra7 44. Bh8 Kf7 45. Be5 Ke6 46. Kf3
Ra3+ 47. Kg2 Ra7 48. Kf3 Kd5 49. Bf6 Ra3+ 50. Kg2 Ke4 51. Bg7 Ra6 52. Be5 f4
53. g4 f3+ 54. Kg3 Ra1 0-1

[Event "Gibtelecom Masters"]
[Site "Gibraltar"]
[Date "2008.01.24"]
[Round "3.79"]
[White "Vul, Arkadi Eremeevich"]
[Black "Perman, Torvald"]
[Result "1-0"]
[WhiteElo "2337"]
[BlackElo "2092"]
[PlyCount "85"]
[EventDate "2008.01.22"]

1. Nf3 c5 2. c4 e6 3. Nc3 Nf6 4. g3 d5 5. cxd5 Nxd5 6. Nxd5 exd5 7. d4 cxd4 8.
Nxd4 Bb4+ 9. Bd2 Bxd2+ 10. Qxd2 Nc6 11. Bg2 O-O 12. O-O Qb6 13. Rfd1 Be6 14.
Rac1 Rac8 15. Nxc6 Rxc6 16. Rc3 Rxc3 17. Qxc3 Rc8 18. Qe5 h6 19. Bxd5 Bxd5 20.
Rxd5 Qc6 21. Rd6 Qa4 22. Qd5 b6 23. Rd7 Rf8 24. e4 Qc2 25. Rxa7 Qxb2 26. Rb7
Qc1+ 27. Kg2 Qc5 28. Qb3 Qc6 29. Rxb6 Qxe4+ 30. Qf3 Qxf3+ 31. Kxf3 Ra8 32. Rb2
Kf8 33. Re2 Ra4 34. Ke3 g5 35. Kd3 h5 36. Kc3 h4 37. Kb3 Rd4 38. a4 hxg3 39.
hxg3 Rd1 40. a5 Ra1 41. Ra2 Rb1+ 42. Kc4 Ke7 43. a6 1-0

[Event "Gibtelecom Masters"]
[Site "Gibraltar"]
[Date "2008.01.24"]
[Round "3.80"]
[White "Arvola, Benjamin"]
[Black "Klinova, Masha"]
[Result "0-1"]
[WhiteElo "2062"]
[BlackElo "2315"]
[PlyCount "92"]
[EventDate "2008.01.22"]

1. d4 d6 2. Nf3 Nf6 3. c4 g6 4. Nc3 Bg7 5. e4 O-O 6. Be2 Nc6 7. O-O e5 8. d5
Ne7 9. Ne1 a5 10. Be3 Nd7 11. Nd3 b6 12. a3 f5 13. f3 Nf6 14. b4 f4 15. Bf2 g5
16. c5 axb4 17. axb4 Rxa1 18. Qxa1 bxc5 19. bxc5 g4 20. Qa5 gxf3 21. Bxf3 Bg4
22. Bxg4 Nxg4 23. Bh4 Bf6 24. Bxf6 Nxf6 25. Ne1 c6 26. Qa2 cxd5 27. Nxd5 Nexd5
28. Nf3 dxc5 29. exd5 Qxd5 30. Qxd5+ Nxd5 31. Rc1 e4 32. Rxc5 Rd8 33. Ng5 e3
34. Kf1 Nb4 35. Ne4 Rd4 36. Nc3 Kg7 37. Rb5 Rc4 38. Ne2 Nd3 39. Rd5 Nc5 40. Rd4
Rxd4 41. Nxd4 Kf6 42. Ke2 Ne6 43. Nxe6 Kxe6 44. g3 Ke5 45. h4 h5 46. Kf3 Kd4
0-1

[Event "Gibtelecom Masters"]
[Site "Gibraltar"]
[Date "2008.01.24"]
[Round "3.82"]
[White "Vonthron, Horst"]
[Black "Greef, Melissa"]
[Result "1-0"]
[WhiteElo "2308"]
[BlackElo "2025"]
[PlyCount "129"]
[EventDate "2008.01.22"]

1. e4 c5 2. Nf3 d6 3. d4 cxd4 4. Nxd4 Nf6 5. Nc3 a6 6. Bc4 e6 7. Bb3 b5 8. Bg5
Be7 9. Qf3 Qb6 10. O-O-O Nbd7 11. Rhe1 O-O 12. h4 Nc5 13. e5 Bb7 14. exf6 Bxf3
15. fxe7 Bxd1 16. exf8=Q+ Kxf8 17. Rxd1 Rc8 18. Be3 Qc7 19. Rd2 d5 20. Nf3 Qb8
21. g3 a5 22. Bxc5+ Rxc5 23. a4 bxa4 24. Bxa4 Qb4 25. Rd4 Rc4 26. Rxc4 Qxc4 27.
Bb3 Qc5 28. Nd1 d4 29. Nd2 h6 30. Bc4 Ke7 31. Bd3 f5 32. b3 g6 33. Nb2 e5 34.
f3 Qc7 35. h5 gxh5 36. Bxf5 Kf6 37. Bd3 Qg7 38. Ne4+ Ke7 39. Nc4 h4 40. gxh4
Qg1+ 41. Kb2 a4 42. Nxe5 axb3 43. Kxb3 Ke6 44. f4 Kf5 45. Ng5+ Kf6 46. Ngf3 Qc1
47. f5 Qf4 48. Nd7+ Ke7 49. Nfe5 Qc1 50. f6+ Kd6 51. f7 Qb1+ 52. Kc4 Qa2+ 53.
Kxd4 Qa7+ 54. Ke4 Qa8+ 55. Kf5 Ke7 56. f8=Q+ Qxf8+ 57. Nxf8 Kxf8 58. Ke6 h5 59.
c4 Ke8 60. Nf7 Kf8 61. c5 Kg7 62. c6 Kf8 63. c7 Kg7 64. Be4 Kg8 65. c8=Q+ 1-0

[Event "Gibtelecom Masters"]
[Site "Gibraltar"]
[Date "2008.01.24"]
[Round "3.83"]
[White "Getz, Nicolai"]
[Black "Steel, Henry Robert"]
[Result "1/2-1/2"]
[WhiteElo "2019"]
[BlackElo "2241"]
[PlyCount "77"]
[EventDate "2008.01.22"]

1. e4 c5 2. Nf3 e6 3. d4 cxd4 4. Nxd4 a6 5. Nc3 Qc7 6. Bd3 Nf6 7. O-O Be7 8.
Qe2 d6 9. Be3 Nbd7 10. f4 Nc5 11. Kh1 b5 12. a3 Bb7 13. Bg1 h5 14. e5 dxe5 15.
fxe5 Ng4 16. Nf3 Rd8 17. Bxc5 Qxc5 18. Be4 Bxe4 19. Nxe4 Qe3 20. Rae1 Qxe2 21.
Rxe2 O-O 22. Nf2 Nxf2+ 23. Rexf2 Rd5 24. c3 Bc5 25. Re2 Rfd8 26. g3 Bb6 27. Kg2
R8d7 28. Re4 Bc7 29. h3 Rd1 30. Rxd1 Rxd1 31. g4 hxg4 32. hxg4 Rb1 33. Re2 Bb6
34. Kg3 Kf8 35. Kf4 Ke7 36. g5 Kd7 37. Ke4 g6 38. Rd2+ Kc7 39. Rh2 1/2-1/2

[Event "Gibtelecom Masters"]
[Site "Gibraltar"]
[Date "2008.01.24"]
[Round "3.84"]
[White "Gibson, Christopher A"]
[Black "Urbina Perez, Juan Antonio"]
[Result "0-1"]
[WhiteElo "2019"]
[BlackElo "2241"]
[PlyCount "48"]
[EventDate "2008.01.22"]

1. d4 Nf6 2. c4 e6 3. Nf3 d5 4. Nc3 Nbd7 5. Bg5 Bb4 6. cxd5 exd5 7. e3 c5 8. a3
Bxc3+ 9. bxc3 Qa5 10. Qc2 O-O 11. Bxf6 Nxf6 12. Nd2 cxd4 13. cxd4 Bd7 14. Bd3
Rac8 15. Qb2 Rc3 16. Bb1 Bb5 17. a4 Ba6 18. Bf5 g6 19. Bh3 Ne4 20. g3 Rb3 21.
Qc1 Bd3 22. Bf1 Rc3 23. Qd1 Rc2 24. Bxd3 Rxd2 0-1

[Event "Gibtelecom Masters"]
[Site "Gibraltar"]
[Date "2008.01.24"]
[Round "3.85"]
[White "Matthews, Adrian M S"]
[Black "Nadig, Kruttika"]
[Result "0-1"]
[WhiteElo "1920"]
[BlackElo "2208"]
[PlyCount "80"]
[EventDate "2008.01.22"]

1. e4 c5 2. Nc3 Nc6 3. g3 g6 4. Bg2 Bg7 5. d3 e6 6. Be3 Nd4 7. Nge2 Ne7 8. O-O
O-O 9. Qd2 Nec6 10. Nd1 d5 11. c3 Nxe2+ 12. Qxe2 d4 13. Bd2 dxc3 14. bxc3 Qd7
15. Nb2 Rb8 16. Rab1 b5 17. Bf4 e5 18. Be3 Qe7 19. f3 Rd8 20. Qf2 Bf8 21. f4 b4
22. Na4 Rb5 23. c4 Ra5 24. Qc2 Nd4 25. Bxd4 Rxd4 26. Ra1 Bd7 27. Nb2 Ra3 28.
Qf2 f6 29. Bf3 a5 30. Bd1 a4 31. Bc2 Bg7 32. Rfb1 Bh6 33. Nd1 exf4 34. Rxb4 Qe5
35. Rb6 fxg3 36. hxg3 Rdxd3 37. Bxd3 Qxa1 38. Rb1 Qe5 39. Nb2 Rxa2 40. Kg2 a3
0-1

[Event "Gibtelecom Masters"]
[Site "Gibraltar"]
[Date "2008.01.24"]
[Round "3.86"]
[White "Molina, Antonio"]
[Black "Reichard, Sigge"]
[Result "1-0"]
[WhiteElo "2189"]
[BlackElo "1967"]
[PlyCount "41"]
[EventDate "2008.01.22"]

1. d4 d5 2. c4 c6 3. Nc3 Nf6 4. Nf3 Bf5 5. cxd5 Nxd5 6. Qb3 Qb6 7. Qxb6 Nxb6 8.
e4 Bg6 9. Be2 N8d7 10. Be3 Nf6 11. Nd2 e6 12. a3 Nbd7 13. h3 a6 14. b4 Be7 15.
O-O O-O 16. f4 h6 17. Bf3 Rac8 18. g4 Rfd8 19. f5 exf5 20. gxf5 Bh5 21. e5 1-0

[Event "Gibtelecom Masters"]
[Site "Gibraltar"]
[Date "2008.01.24"]
[Round "3.88"]
[White "Jacobsen, Maria Pitz"]
[Black "Makka, Ioulia"]
[Result "0-1"]
[WhiteElo "1799"]
[BlackElo "2186"]
[PlyCount "92"]
[EventDate "2008.01.22"]

1. e4 e6 2. d4 d5 3. Nc3 Nf6 4. e5 Nfd7 5. f4 c5 6. Nf3 Nc6 7. Be3 Be7 8. Bd3
Qb6 9. dxc5 Nxc5 10. O-O Qd8 11. Nd4 Nxd3 12. Qxd3 O-O 13. Nce2 Bd7 14. c3 a6
15. Rf3 Qc7 16. Rh3 g6 17. Rf1 f6 18. exf6 Bxf6 19. Nxc6 bxc6 20. Bc5 Rf7 21.
Rhf3 Qa5 22. Ba3 c5 23. Qd1 Rb8 24. Re3 Qb6 25. Kh1 Be7 26. Rf2 Rbf8 27. Ref3
Bd6 28. Qd2 Bc6 29. Re3 e5 30. Rd3 exf4 31. Rxd5 Bxd5 32. Qxd5 Rd8 33. Rf1 Be7
34. Qe4 Qd6 35. Qc4 Qd3 36. Qe6 Rd6 37. Qg4 h5 38. Qf3 Qxf3 39. gxf3 Rd2 40.
Ng1 c4 41. Bxe7 Rxe7 42. Rb1 Rb7 43. b4 Rxa2 44. Rd1 Rc2 45. Rd6 Kf7 46. Rxa6
Rd7 0-1